| 000 | 00000nam 2200000zi 4500 |
| 001 | 9.933352 |
| 003 | CaOODSP |
| 005 | 20240202160232 |
| 006 | m o d f |
| 007 | cr |n||||||||| |
| 008 | 240202e202203##onc o f|0| 0 eng d |
| 040 | |aCaOODSP|beng|erda|cCaOODSP |
| 043 | |an-cn--- |
| 086 | 1 |aH14-553/2022E-PDF |
| 245 | 00|aAudit of investment planning of capital assets at Health Canada : |bfinal report / |cOffice of Audit and Evaluation. |
| 264 | 1|a[Ottawa] : |bHealth Canada and the Public Health Agency of Canada, |cMarch 2022. |
| 300 | |a1 online resource (8 pages) |
| 336 | |atext|btxt|2rdacontent |
| 337 | |acomputer|bc|2rdamedia |
| 338 | |aonline resource|bcr|2rdacarrier |
| 500 | |aIssued also in French under title: Audit de la planification des investissements en immobilisations à Santé Canada : rapport définitif. |
| 610 | 10|aCanada. |bHealth Canada|xAuditing. |
| 610 | 20|aPublic Health Agency of Canada|xAuditing. |
| 650 | 0|aCapital investments|zCanada|xAuditing. |
| 710 | 1 |aCanada. |bHealth Canada. |bOffice of Audit and Evaluation, |eissuing body. |
| 710 | 2 |aPublic Health Agency of Canada. |bOffice of Audit and Evaluation, |eissuing body. |
| 775 | 08|tAudit de la planification des investissements en immobilisations à Santé Canada : |w(CaOODSP)9.933402 |
| 856 | 40|qPDF|s284 KB|uhttps://publications.gc.ca/collections/collection_2024/sc-hc/H14-553-2022-eng.pdf |